[Event "Collado Villaoba op-B 34th"]
[Site "Collado Villalba"]
[Date "2017.08.29"]
[Round "8.29"]
[White "Orta Vazquez, Mario"]
[Black "Picazo Sancho, Carolina"]
[Result "0-1"]
[WhiteElo "1424"]
[BlackElo "1486"]
[PlyCount "94"]
[EventDate "2017.08.22"]
[EventType "swiss"]
[EventRounds "9"]
[EventCountry "ESP"]

1. Nf3 Nf6 2. c4 g6 3. Nc3 Bg7 4. g3 O-O 5. Bg2 d6 6. O-O Nbd7 7. d4 e5 8. Bg5
Qe8 9. d5 h6 10. Bxf6 Nxf6 11. e4 Nh5 12. Nd2 Nf6 13. a4 a5 14. Rb1 Nd7 15. b4
axb4 16. Rxb4 Nc5 17. Qc2 f5 18. exf5 Bxf5 19. Be4 Nxe4 20. Ndxe4 Qf7 21. Rxb7
Bh3 22. Qe2 Bxf1 23. Kxf1 Qd7 24. Kg2 Rfb8 25. Qb2 Qc8 26. Rxb8 Rxb8 27. Qa2
Kh8 28. Nb5 Bf8 29. Na7 Qf5 30. Nc6 Qxe4+ 31. f3 Qb1 32. Qxb1 Rxb1 33. a5 Ra1
34. Kf2 h5 35. h4 Bh6 36. Ke2 Ra2+ 37. Kd3 Bd2 38. a6 Be1 39. Nb8 Bxg3 40. c5
Bxh4 41. Kc4 Bf2 42. Nd7 Rxa6 43. Nf6 Bxc5 44. Kd3 Ra3+ 45. Ke2 Ra2+ 46. Kf1 h4
47. Ng4 h3 0-1

[Event "Collado Villaoba op-B 34th"]
[Site "Collado Villalba"]
[Date "2017.08.29"]
[Round "8.31"]
[White "Olmedo Alvarez, Jesus"]
[Black "Llamas Martinez, Pablo"]
[Result "1/2-1/2"]
[WhiteElo "1361"]
[BlackElo "1389"]
[PlyCount "103"]
[EventDate "2017.08.22"]
[EventType "swiss"]
[EventRounds "9"]
[EventCountry "ESP"]

1. e4 c5 2. Nf3 Nc6 3. d3 e6 4. Nbd2 d5 5. g3 Nf6 6. Bg2 d4 7. O-O e5 8. c3 Bg4
9. Qb3 Na5 10. Qc2 Bd6 11. Re1 Rc8 12. c4 O-O 13. h3 Be6 14. Nf1 h6 15. g4 Nc6
16. N1h2 a6 17. Qe2 Nh7 18. h4 Be7 19. h5 b5 20. b3 bxc4 21. bxc4 Rb8 22. Kh1
Ng5 23. Nh4 Kh7 24. f4 exf4 25. Bxf4 Rb6 26. e5 Nh3 27. Bxh3 Bxh4 28. Rg1 f6
29. Qe4+ Kh8 30. Nf3 Bg5 31. Nxg5 fxg5 32. Bg3 Nb4 33. Qe2 Qd7 34. Raf1 Rbb8
35. a3 Nc6 36. Rxf8+ Rxf8 37. Be1 Qc7 38. Bg3 Qc8 39. Be1 Qb8 40. Bg3 Qb3 41.
Bg2 Ne7 42. Ra1 Qc3 43. Rf1 Rxf1+ 44. Qxf1 Kg8 45. Qf3 Qxa3 46. Qa8+ Bc8 47.
Bd5+ Kh8 48. Be6 Qc1+ 49. Kg2 Qb2+ 50. Kh3 Qb7 51. Qxb7 Bxb7 52. Bd7 1/2-1/2

[Event "Collado Villaoba op-B 34th"]
[Site "Collado Villalba"]
[Date "2017.08.29"]
[Round "8.33"]
[White "Perez Rodrigo, Alicia"]
[Black "Rapaport, Andres Natalio"]
[Result "1-0"]
[WhiteElo "1377"]
[BlackElo "1362"]
[PlyCount "63"]
[EventDate "2017.08.22"]
[EventType "swiss"]
[EventRounds "9"]
[EventCountry "ESP"]

1. d4 d5 2. c4 e6 3. Nc3 Bb4 4. Qc2 Bd7 5. Nf3 h6 6. e3 c5 7. cxd5 exd5 8. dxc5
Bxc5 9. Nxd5 b6 10. Qe4+ Be6 11. Bb5+ Nd7 12. Bxd7+ Qxd7 13. Nc7+ Qxc7 14.
Qxa8+ Bc8 15. Qe4+ Ne7 16. O-O O-O 17. b3 Bf5 18. Qc4 Qd6 19. Qc3 Nd5 20. Qe5
Ne7 21. Qxd6 Bxd6 22. Bb2 Bc5 23. Rac1 Nd5 24. Rfd1 Nb4 25. Bd4 Nd3 26. Bxc5
Nxc5 27. Nd4 Bd7 28. b4 Ba4 29. Rd2 Ne4 30. Rd3 Bd7 31. Rc7 Rd8 32. Nc6 1-0

[Event "Collado Villaoba op-B 34th"]
[Site "Collado Villalba"]
[Date "2017.08.29"]
[Round "8.34"]
[White "Rufo Yebra, Benito"]
[Black "Martin Rodriguez, Jose Luis"]
[Result "1-0"]
[WhiteElo "1363"]
[BlackElo "1291"]
[PlyCount "107"]
[EventDate "2017.08.22"]
[EventType "swiss"]
[EventRounds "9"]
[EventCountry "ESP"]

1. d4 Nf6 2. e3 e6 3. Nf3 b6 4. Bd2 Bb7 5. Nc3 Bb4 6. Bd3 Bxc3 7. Bxc3 Ba6 8.
Ne5 Bxd3 9. Qxd3 O-O 10. g4 d6 11. g5 dxe5 12. gxf6 Qxf6 13. O-O-O exd4 14.
Bxd4 e5 15. Qe4 Nd7 16. Bc3 Qe6 17. b3 Nf6 18. Qg2 Qf5 19. Rhg1 g6 20. f4 exf4
21. Rdf1 Nh5 22. Qf3 Rfe8 23. exf4 Rad8 24. Rg5 Qe6 25. Qxh5 Qe3+ 26. Kb2 Re6
27. Qh6 f6 28. Rxg6+ hxg6 29. Qxg6+ Kf8 30. Bxf6 Qd4+ 31. Bxd4 Rxg6 32. Be5 c6
33. f5 Rg2 34. h4 Rdd2 35. Rc1 Rd5 36. Bb8 a6 37. f6 Rf2 38. Ba7 Rxf6 39. Bxb6
Kf7 40. Ba5 Rxa5 41. Rh1 Kg6 42. b4 Raf5 43. a4 Kh5 44. Kb3 Rf4 45. Rd1 Rxh4
46. Rd8 Rf3+ 47. c3 Rf6 48. Ra8 Kg6 49. Rxa6 Rh5 50. Ra8 Kf7 51. a5 Ke7 52. a6
Kd7 53. a7 Kc7 54. Rg8 1-0

[Event "Collado Villaoba op-B 34th"]
[Site "Collado Villalba"]
[Date "2017.08.29"]
[Round "8.36"]
[White "Gijon Molina, Carlos"]
[Black "Buergo Villanueva, Fernando"]
[Result "0-1"]
[WhiteElo "1189"]
[BlackElo "1265"]
[PlyCount "76"]
[EventDate "2017.08.22"]
[EventType "swiss"]
[EventRounds "9"]
[EventCountry "ESP"]

1. d4 Nf6 2. c4 e6 3. Nc3 b6 4. Nf3 Bb4 5. Qc2 Bb7 6. Ne5 Qe7 7. a3 Be4 8. Nd3
Bxc3+ 9. Qxc3 d5 10. c5 Bxd3 11. Qxd3 bxc5 12. Qb5+ Nbd7 13. dxc5 O-O 14. b4
Rfb8 15. Qa6 Rc8 16. f3 Nb8 17. Qa4 a5 18. Bd2 Nbd7 19. e3 axb4 20. Ba6 Nxc5
21. Bxb4 Nxa4 22. Bxe7 Rxa6 23. Bxf6 gxf6 24. Kf2 c5 25. Rhc1 c4 26. Ra2 Nc5
27. Rcc2 f5 28. Ke2 h5 29. Kd2 Na4 30. g3 c3+ 31. Kc1 e5 32. Ra1 Rb6 33. h3 Rb2
34. Rb1 Rxb1+ 35. Kxb1 Nb2 36. Rg2 Nd3 37. f4 Ne1 38. Ra2 c2+ 0-1

[Event "Collado Villaoba op-B 34th"]
[Site "Collado Villalba"]
[Date "2017.08.29"]
[Round "8.37"]
[White "Rojas Fernandez, Antonio"]
[Black "Andrade Sandoval, Marian"]
[Result "0-1"]
[WhiteElo "1316"]
[BlackElo "1222"]
[PlyCount "50"]
[EventDate "2017.08.22"]
[EventType "swiss"]
[EventRounds "9"]
[EventCountry "ESP"]

1. e4 c5 2. Nf3 e6 3. Nc3 Nf6 4. Bb5 a6 5. Ba4 b5 6. Nxb5 axb5 7. Bxb5 Bb7 8.
d3 Qa5+ 9. Qd2 Qxb5 10. e5 Ng4 11. Qf4 Nh6 12. Ng5 Qb4+ 13. c3 Qxf4 14. Bxf4
Be7 15. O-O Nc6 16. Rae1 Nd8 17. Re2 Nf5 18. f3 h6 19. Nh3 g5 20. Bc1 Rg8 21.
g4 Nh4 22. Ref2 d6 23. exd6 Bxd6 24. b3 e5 25. Ba3 Rxa3 0-1

[Event "Collado Villaoba op-B 34th"]
[Site "Collado Villalba"]
[Date "2017.08.30"]
[Round "9.1"]
[White "Tirado Parra, Alberto"]
[Black "Khudov, Oleksandr"]
[Result "0-1"]
[WhiteElo "1863"]
[BlackElo "1838"]
[PlyCount "52"]
[EventDate "2017.08.22"]
[EventType "swiss"]
[EventRounds "9"]
[EventCountry "ESP"]

1. e4 e6 2. d3 d5 3. Nd2 c5 4. Ngf3 Nc6 5. c3 g6 6. g3 Bg7 7. Bg2 Nge7 8. O-O
O-O 9. Re1 a6 10. a4 Qc7 11. Nb3 c4 12. exd5 exd5 13. dxc4 dxc4 14. Nbd4 Rd8
15. Qe2 Nxd4 16. Nxd4 Nf5 17. Qe8+ Rxe8 18. Rxe8+ Bf8 19. Nxf5 Qd7 20. Nd6 Kg7
21. Rxf8 Qxd6 22. Re8 Qd1+ 23. Bf1 Qd7 24. Re4 b6 25. Bf4 Bb7 26. Rd4 Qc6 0-1

[Event "Collado Villaoba op-B 34th"]
[Site "Collado Villalba"]
[Date "2017.08.30"]
[Round "9.2"]
[White "Cuellar Gutierrez, Raul"]
[Black "Alvarez Gonzalez, Eduardo"]
[Result "1-0"]
[WhiteElo "1878"]
[BlackElo "1761"]
[PlyCount "43"]
[EventDate "2017.08.22"]
[EventType "swiss"]
[EventRounds "9"]
[EventCountry "ESP"]

1. e4 c6 2. Nc3 d5 3. Nf3 Bg4 4. h3 Bh5 5. d4 dxe4 6. Nxe4 Nd7 7. Bc4 e6 8. Bf4
Ndf6 9. Nxf6+ Nxf6 10. g4 Bg6 11. Ne5 Nd5 12. Nxg6 hxg6 13. Be5 Nb6 14. Bb3 Nd7
15. Bg3 g5 16. Qe2 Qf6 17. O-O-O O-O-O 18. Kb1 Bb4 19. Qc4 Ba5 20. Qa4 Bb6 21.
Bc4 Bxd4 22. Qxc6+ 1-0

[Event "Collado Villaoba op-B 34th"]
[Site "Collado Villalba"]
[Date "2017.08.30"]
[Round "9.3"]
[White "Mataix Fernandez, Ricardo"]
[Black "Sotoca Aguado, Jose"]
[Result "0-1"]
[WhiteElo "1762"]
[BlackElo "1885"]
[PlyCount "108"]
[EventDate "2017.08.22"]
[EventType "swiss"]
[EventRounds "9"]
[EventCountry "ESP"]

1. d4 Nf6 2. Bf4 d5 3. e3 e6 4. Nf3 c5 5. c3 Nc6 6. Nbd2 Be7 7. Bd3 c4 8. Bc2
O-O 9. Ne5 Nxe5 10. dxe5 Ne8 11. h4 f5 12. Nf3 Bd7 13. Ng5 g6 14. Qf3 Ng7 15.
Qh3 b5 16. g4 fxg4 17. Qxg4 h5 18. Qg2 Bxg5 19. Bxg5 Qe8 20. Bf6 Nf5 21. Bxf5
exf5 22. Qxd5+ Kh7 23. Rg1 Bc6 24. Qd6 Rc8 25. O-O-O Be4 26. Qd7+ Rf7 27. Qxe8
Rxe8 28. Rd6 a5 29. a3 b4 30. axb4 axb4 31. cxb4 Rb8 32. b5 Rxb5 33. Rd8 Kh6
34. Rg8 f4 35. f3 Ra5 36. Kd2 fxe3+ 37. Kxe3 Bf5 38. Rd1 Bd3 39. Rh8+ Rh7 40.
Rf8 Ra6 41. Kd2 Rb6 42. Kc1 g5 43. hxg5+ Kg6 44. Rg8+ Kf5 45. Ra8 h4 46. Re1 h3
47. g6 Kxg6 48. Rg1+ Kf5 49. Rh8 Rxh8 50. Bxh8 Rh6 51. Bf6 h2 52. Rh1 Be2 53.
Be7 Rh5 54. e6 Kxe6 0-1

[Event "Collado Villaoba op-B 34th"]
[Site "Collado Villalba"]
[Date "2017.08.30"]
[Round "9.4"]
[White "Bon Ibañez, Alejandro"]
[Black "Menguez Rodriguez, Felipe"]
[Result "1-0"]
[WhiteElo "1804"]
[BlackElo "1736"]
[PlyCount "35"]
[EventDate "2017.08.22"]
[EventType "swiss"]
[EventRounds "9"]
[EventCountry "ESP"]

1. e4 c5 2. Nf3 g6 3. d4 cxd4 4. Nxd4 Bg7 5. Be3 Nc6 6. Nc3 Nf6 7. Bc4 Qa5 8.
Nb3 Qb4 9. Bd3 Nxe4 10. Bxe4 Bxc3+ 11. bxc3 Qxc3+ 12. Qd2 Qe5 13. Bd3 d5 14.
O-O O-O 15. Rfe1 Qc7 16. Bh6 Re8 17. Bb5 Be6 18. Qc3 1-0

[Event "Collado Villaoba op-B 34th"]
[Site "Collado Villalba"]
[Date "2017.08.30"]
[Round "9.5"]
[White "Fernandez Estremera, Fernando"]
[Black "Fernandez Rios, Jose Francisco"]
[Result "1-0"]
[WhiteElo "1722"]
[BlackElo "1771"]
[PlyCount "47"]
[EventDate "2017.08.22"]
[EventType "swiss"]
[EventRounds "9"]
[EventCountry "ESP"]

1. d4 Nf6 2. c4 e6 3. Nc3 Bb4 4. Qc2 Nc6 5. Nf3 d6 6. e4 e5 7. d5 Bxc3+ 8. bxc3
Nb8 9. Bd3 h6 10. c5 Nbd7 11. cxd6 cxd6 12. Ba3 Qc7 13. O-O O-O 14. Nd2 Nc5 15.
c4 b6 16. Be2 Bd7 17. Bxc5 Qxc5 18. Nb3 Ba4 19. Rac1 Rac8 20. Nxc5 Bxc2 21. Nb7
Bxe4 22. Nxd6 Rc5 23. Rfe1 Rd8 24. Nb7 1-0

[Event "Collado Villaoba op-B 34th"]
[Site "Collado Villalba"]
[Date "2017.08.30"]
[Round "9.6"]
[White "Rodriguez Del Moral, Angel"]
[Black "Gonzalez Pabollet, Jesus Maria"]
[Result "0-1"]
[WhiteElo "1769"]
[BlackElo "1873"]
[PlyCount "159"]
[EventDate "2017.08.22"]
[EventType "swiss"]
[EventRounds "9"]
[EventCountry "ESP"]

1. d4 d5 2. Nf3 e6 3. Bf4 Bd6 4. Ne5 f6 5. Nd3 Ne7 6. e3 Ng6 7. Bg3 e5 8. c3 e4
9. Nf4 Nxf4 10. exf4 O-O 11. Qh5 c6 12. Be2 g6 13. Qh6 Re8 14. f5 Bxf5 15. Qe3
a5 16. Nd2 a4 17. c4 Be6 18. c5 Bc7 19. O-O f5 20. Bf4 Bxf4 21. Qxf4 g5 22. Qe3
f4 23. Qc3 g4 24. f3 gxf3 25. Nxf3 exf3 26. Qxf3 Rf8 27. Rae1 Qf6 28. Qd3 Bf5
29. Qd2 Be4 30. Rf2 Nd7 31. Ref1 Qg6 32. Bf3 Bd3 33. Be2 Bxe2 34. Qxe2 Rae8 35.
Qd2 Qh5 36. Re1 Rxe1+ 37. Qxe1 Qf5 38. Re2 f3 39. Rf2 Qe4 40. Qd1 Kh8 41. gxf3
Rg8+ 42. Kf1 Qg6 43. Qd2 Qg1+ 44. Ke2 Re8+ 45. Kd3 Qb1+ 46. Qc2 Qxc2+ 47. Kxc2
Kg7 48. Kd2 b6 49. cxb6 Nxb6 50. Kc3 Kf6 51. Kb4 Re6 52. Kc5 Nd7+ 53. Kb4 Nb6
54. Ka5 Nc4+ 55. Kxa4 Ke7 56. Kb4 Kd6 57. b3 Ne3 58. a4 Re7 59. Ka3 Nf5 60. Rd2
Re3 61. a5 Rxf3 62. Kb4 Rf4 63. Kc3 Re4 64. b4 Re3+ 65. Kb2 Kc7 66. Rf2 Nxd4
67. Rf7+ Kd6 68. Rxh7 Rb3+ 69. Ka2 Rxb4 70. Ka3 c5 71. Rh6+ Kc7 72. a6 Nb5+ 73.
Ka2 d4 74. a7 Nxa7 75. Rh3 Nb5 76. Rg3 c4 77. h4 d3 78. h5 d2 79. h6 Nc3+ 80.
Ka3 0-1

[Event "Collado Villaoba op-B 34th"]
[Site "Collado Villalba"]
[Date "2017.08.30"]
[Round "9.7"]
[White "Olias Muñoz, Francisco"]
[Black "Carrasco Coquillat, Alvaro"]
[Result "1/2-1/2"]
[WhiteElo "1865"]
[BlackElo "1639"]
[PlyCount "48"]
[EventDate "2017.08.22"]
[EventType "swiss"]
[EventRounds "9"]
[EventCountry "ESP"]

1. e4 d6 2. d4 g6 3. Nc3 Bg7 4. h3 Nf6 5. Nf3 O-O 6. Bd3 Nc6 7. O-O e5 8. d5
Ne7 9. Ne2 Nh5 10. c4 f5 11. exf5 gxf5 12. Bc2 Kh8 13. Nc3 Nf6 14. Re1 Rg8 15.
Ng5 Qf8 16. f4 e4 17. Nb5 Ne8 18. Qh5 h6 19. Nf7+ Kh7 20. Rxe4 Nf6 21. Ng5+ Kh8
22. Nf7+ Kh7 23. Ng5+ Kh8 24. Nf7+ Kh7 1/2-1/2

[Event "Collado Villaoba op-B 34th"]
[Site "Collado Villalba"]
[Date "2017.08.30"]
[Round "9.8"]
[White "Marivela Santos, Juan Carlos"]
[Black "Osorio Ramos, Francisco"]
[Result "0-1"]
[WhiteElo "1716"]
[BlackElo "1845"]
[PlyCount "112"]
[EventDate "2017.08.22"]
[EventType "swiss"]
[EventRounds "9"]
[EventCountry "ESP"]

1. c4 e5 2. Nc3 Nc6 3. g3 g6 4. Bg2 Bg7 5. d3 d6 6. e4 Be6 7. Nge2 Qd7 8. a3
Nge7 9. Nd5 O-O 10. O-O Nd8 11. Nxe7+ Qxe7 12. f4 f5 13. fxe5 dxe5 14. Nc3 c6
15. Qc2 Qd7 16. Be3 Nf7 17. c5 Qc7 18. Rad1 Rad8 19. Ne2 Rd7 20. d4 fxe4 21.
Qxe4 Bf5 22. Qf3 Rfd8 23. Qf2 Nh6 24. h3 Nf7 25. Rd2 Be6 26. Rfd1 Bb3 27. Rc1
Be6 28. Rc3 Rf8 29. Qe1 Rfd8 30. dxe5 Bxe5 31. Rxd7 Qxd7 32. Rc2 Bxh3 33. Rd2
Qf5 34. Rxd8+ Nxd8 35. Qd2 Nf7 36. Kh2 Bxg2 37. Kxg2 Qe4+ 38. Kh2 h5 39. Bf4
Bxf4 40. Nxf4 Kg7 41. Qd3 Qxd3 42. Nxd3 Kf6 43. Kg2 Ne5 44. Nf4 Nc4 45. Nd3 Kf5
46. Kf3 g5 47. Kf2 Nd2 48. Ke3 Nc4+ 49. Kf3 Ne5+ 50. Nxe5 Kxe5 51. b4 h4 52.
gxh4 gxh4 53. b5 Kd5 54. bxc6 Kxc6 55. Kg4 Kxc5 56. Kxh4 a6 0-1

[Event "Collado Villaoba op-B 34th"]
[Site "Collado Villalba"]
[Date "2017.08.30"]
[Round "9.9"]
[White "Vazquez Rodriguez, Francisco"]
[Black "Medrano Del Val, Julio"]
[Result "0-1"]
[WhiteElo "1579"]
[BlackElo "1823"]
[PlyCount "96"]
[EventDate "2017.08.22"]
[EventType "swiss"]
[EventRounds "9"]
[EventCountry "ESP"]

1. e4 g6 2. Nf3 Bg7 3. Nc3 c5 4. Bc4 d6 5. O-O Nd7 6. Re1 e6 7. d3 Ngf6 8. Bf4
e5 9. Bg5 h6 10. Be3 O-O 11. h3 Kh7 12. Qd2 a6 13. a3 b5 14. Ba2 Rb8 15. Nd5
Nxd5 16. Bxd5 Nf6 17. Ba2 b4 18. axb4 Rxb4 19. Bb3 Ne8 20. Ra4 Rxa4 21. Bxa4
Nc7 22. Ra1 f5 23. exf5 gxf5 24. Qc1 Bb7 25. Nh2 Qh4 26. Bb3 f4 27. Bd2 f3 28.
g3 Qxh3 29. Qf1 Qxf1+ 30. Rxf1 Nb5 31. c3 d5 32. Be3 d4 33. cxd4 cxd4 34. Bd2
e4 35. Bc2 Rc8 36. Bb1 e3 37. fxe3 dxe3 38. Bxe3 Nd4 39. Ng4 Rc6 40. Kf2 Rg6
41. Nh2 Be5 42. Rg1 Kg7 43. Bf4 Bf6 44. Rf1 h5 45. Rg1 Ne2 46. Rf1 Nxf4 47.
gxf4 Rg2+ 48. Ke3 Rxh2 0-1

[Event "Collado Villaoba op-B 34th"]
[Site "Collado Villalba"]
[Date "2017.08.30"]
[Round "9.10"]
[White "Gamboa Ondono, Jesus"]
[Black "Carrasco Coquillat, Jorge"]
[Result "1/2-1/2"]
[WhiteElo "1772"]
[BlackElo "1654"]
[PlyCount "54"]
[EventDate "2017.08.22"]
[EventType "swiss"]
[EventRounds "9"]
[EventCountry "ESP"]

1. d4 Nf6 2. Nf3 e6 3. e3 d5 4. Bd3 Be7 5. Nbd2 O-O 6. Ne5 Nbd7 7. f4 c5 8. c3
Re8 9. O-O Nf8 10. g4 Ng6 11. Qf3 Rf8 12. Qh3 Qc7 13. g5 Nd7 14. Ndf3 c4 15.
Bc2 Bd6 16. Nxg6 hxg6 17. Nh4 Rd8 18. Nxg6 fxg6 19. Qxe6+ Kf8 20. Qxg6 Nb6 21.
Qh5 Qf7 22. Bg6 Qg8 23. f5 Ke7 24. f6+ gxf6 25. Rxf6 Rf8 26. Qh6 Rxf6 27. gxf6+
Kxf6 1/2-1/2

[Event "Collado Villaoba op-B 34th"]
[Site "Collado Villalba"]
[Date "2017.08.30"]
[Round "9.11"]
[White "Camarero Izquierdo, Juan Carlos"]
[Black "Enriquez Pastor, Jorge"]
[Result "1-0"]
[WhiteElo "1844"]
[BlackElo "1472"]
[PlyCount "60"]
[EventDate "2017.08.22"]
[EventType "swiss"]
[EventRounds "9"]
[EventCountry "ESP"]

1. d4 d6 2. Nc3 g6 3. e4 Bg7 4. Be3 Nc6 5. Qd2 e5 6. d5 Nce7 7. O-O-O f5 8. f3
f4 9. Bf2 Nf6 10. g3 g5 11. h4 Bh6 12. hxg5 Bxg5 13. Nh3 Bxh3 14. Bxh3 h6 15.
gxf4 Bxf4 16. Be3 Ng6 17. Bf5 Bxe3 18. Bxg6+ Kf8 19. Qxe3 Qe7 20. Rxh6 Kg7 21.
Rdh1 Rag8 22. Bf5 Nh7 23. Rg6+ Kf8 24. Qh6+ Rg7 25. Qxg7+ Qxg7 26. Rxg7 Kxg7
27. Rxh7+ Rxh7 28. Bxh7 Kxh7 29. Nb5 c6 30. Nxd6 cxd5 1-0

[Event "Collado Villaoba op-B 34th"]
[Site "Collado Villalba"]
[Date "2017.08.30"]
[Round "9.12"]
[White "Herrero Corada, Jose Ignacio"]
[Black "Picazo Sancho, Alvaro"]
[Result "1/2-1/2"]
[WhiteElo "1828"]
[BlackElo "1772"]
[PlyCount "90"]
[EventDate "2017.08.22"]
[EventType "swiss"]
[EventRounds "9"]
[EventCountry "ESP"]

1. e4 d6 2. d4 g6 3. Nc3 Bg7 4. Nf3 c6 5. Be2 Nf6 6. O-O O-O 7. h3 Nbd7 8. Bg5
b5 9. e5 dxe5 10. dxe5 Ne8 11. Ne4 Nc7 12. Bf4 Ne6 13. Bg3 Qc7 14. a4 Rd8 15.
Qe1 Nxe5 16. Nfg5 Nxg5 17. Nxg5 f6 18. Nf3 Ba6 19. Bxe5 fxe5 20. Ng5 Bc8 21.
Qc3 Rd6 22. axb5 Bf5 23. Qb3+ e6 24. g4 Bf6 25. gxf5 Bxg5 26. fxe6 cxb5 27. e7+
Kg7 28. Qxb5 Qxe7 29. Qc5 Rb6 30. Qxe7+ Bxe7 31. Bf3 Re8 32. Rxa7 Rxb2 33. c4
Rc2 34. Bd5 Kh6 35. Re1 Bc5 36. Rf7 Bd4 37. Rb1 Rh8 38. Kf1 Kg5 39. Rb3 Rc3 40.
Rxc3 Bxc3 41. c5 Rd8 42. Bf3 Rd2 43. c6 Rc2 44. c7 Ba5 45. Rxh7 Rxc7 1/2-1/2

[Event "Collado Villaoba op-B 34th"]
[Site "Collado Villalba"]
[Date "2017.08.30"]
[Round "9.13"]
[White "Aguilera Alonso, Hector"]
[Black "Santos Garay-Cordovil, Salvador"]
[Result "0-1"]
[WhiteElo "1574"]
[BlackElo "1825"]
[PlyCount "61"]
[EventDate "2017.08.22"]
[EventType "swiss"]
[EventRounds "9"]
[EventCountry "ESP"]

1. e4 c5 2. Nf3 Nc6 3. Bc4 e6 4. c3 d6 5. d4 cxd4 6. cxd4 a6 7. O-O Nf6 8. Re1
Be7 9. Nbd2 d5 10. Bb3 Bb4 11. e5 Nd7 12. a3 Ba5 13. Bc2 Bb6 14. Nf1 Ne7 15.
Ng3 Nf8 16. Nh5 Rg8 17. Bh6 Kd7 18. Ba4+ Kc7 19. Rc1+ Kb8 20. Bxg7 Bd7 21. Bf6
Qe8 22. Bxd7 Nxd7 23. Qd3 Nf5 24. Rc2 Ka7 25. Rec1 Rg4 26. h3 Re4 27. b4 Qg8
28. Kf1 Qg6 29. g4 Nxd4 30. Nf4 Rxf4 31. Nxd4 0-1

[Event "Collado Villaoba op-B 34th"]
[Site "Collado Villalba"]
[Date "2017.08.30"]
[Round "9.15"]
[White "Cujba, Anca-Claudia"]
[Black "Muñoz Morato, Miguel"]
[Result "1-0"]
[WhiteElo "1664"]
[BlackElo "1659"]
[PlyCount "73"]
[EventDate "2017.08.22"]
[EventType "swiss"]
[EventRounds "9"]
[EventCountry "ESP"]

1. e4 e6 2. c4 c5 3. Nc3 Nc6 4. Nf3 g6 5. d4 cxd4 6. Nxd4 Bg7 7. Ndb5 a6 8.
Nd6+ Kf8 9. Be3 Nf6 10. f4 Ne8 11. e5 f6 12. Nxe8 Kxe8 13. exf6 Qxf6 14. Rc1
Kf7 15. Rc2 Re8 16. Ne4 Qe7 17. Bc5 Qd8 18. Nd6+ Kg8 19. Nxe8 Qxe8 20. Be2 Qf7
21. O-O d5 22. cxd5 exd5 23. Bf3 Be6 24. Rd2 Rd8 25. a3 Na5 26. Bb6 Nc4 27.
Bxd8 Ne3 28. Qa4 Bd7 29. Qa5 Nxf1 30. Bxd5 Be6 31. Kxf1 Qxf4+ 32. Ke1 Qe5+ 33.
Kd1 Qh5+ 34. Kc1 Bh6 35. Bxe6+ Kg7 36. Qc3+ Kf8 37. Qh8# 1-0

[Event "Collado Villaoba op-B 34th"]
[Site "Collado Villalba"]
[Date "2017.08.30"]
[Round "9.18"]
[White "Garcia Prada, Alejandro"]
[Black "Suarez Prieto, Leopoldo"]
[Result "1-0"]
[WhiteElo "1505"]
[BlackElo "1648"]
[PlyCount "100"]
[EventDate "2017.08.22"]
[EventType "swiss"]
[EventRounds "9"]
[EventCountry "ESP"]

1. e4 e5 2. Nf3 d6 3. d4 exd4 4. Nxd4 g6 5. Nc3 c6 6. Bc4 Bg7 7. Be3 a6 8. a4
Nf6 9. f3 c5 10. Nb3 b6 11. O-O O-O 12. Qd2 Ra7 13. Rfd1 Rd7 14. Bf4 Ne8 15.
Qe3 Bb7 16. Rd3 Kh8 17. Rad1 Nc6 18. Bd5 Be5 19. Bxc6 Bxf4 20. Qxf4 Bxc6 21. e5
dxe5 22. Qxe5+ Qf6 23. Qxf6+ Nxf6 24. Rxd7 Bxd7 25. Rd6 Kg7 26. Rxb6 Bf5 27.
Nxc5 Bxc2 28. Rxa6 Rd8 29. Ra7 Rb8 30. Rb7 Re8 31. Rb6 h5 32. Rb4 g5 33. N3e4
Nxe4 34. Nxe4 g4 35. Kf2 h4 36. Nd6 Rd8 37. Rxg4+ Bg6 38. Nf5+ Kf6 39. Nxh4
Rd2+ 40. Kg3 Rxb2 41. Nxg6 fxg6 42. Re4 Kf5 43. h4 Ra2 44. Rd4 Kf6 45. Rd6+ Kg7
46. Ra6 Kh6 47. Ra8 Kh7 48. a5 Kh6 49. a6 Kg7 50. a7 Kf7 1-0

[Event "Collado Villaoba op-B 34th"]
[Site "Collado Villalba"]
[Date "2017.08.30"]
[Round "9.19"]
[White "Barranco Martinez, Gabriel"]
[Black "Salgado Duarte, Pablo"]
[Result "0-1"]
[WhiteElo "1640"]
[BlackElo "1583"]
[PlyCount "124"]
[EventDate "2017.08.22"]
[EventType "swiss"]
[EventRounds "9"]
[EventCountry "ESP"]

1. e4 e5 2. Nf3 Nc6 3. Bc4 Be7 4. O-O Nf6 5. Re1 O-O 6. c3 d6 7. h3 b6 8. d3
Bb7 9. Be3 Na5 10. Bb5 a6 11. Ba4 b5 12. Bc2 c5 13. Nbd2 Qc7 14. Nf1 c4 15. Ng3
cxd3 16. Qxd3 Nc4 17. b3 Nxe3 18. Qxe3 Rac8 19. Nf5 h6 20. N3h4 Nh7 21. Qg3 Bg5
22. Nf3 g6 23. Nxg5 hxg5 24. Nh6+ Kg7 25. Ng4 Qxc3 26. Ne3 Qc7 27. Rac1 Qe7 28.
Red1 Rcd8 29. Nd5 Bxd5 30. Rxd5 Nf6 31. Rd2 Nh5 32. Qe3 Qf6 33. Qb6 d5 34.
Qxf6+ Nxf6 35. Rcd1 d4 36. f3 Nh5 37. b4 Nf4 38. g3 Nh5 39. Kf2 Rc8 40. Bb3 f5
41. Bd5 Rc7 42. g4 Nf4 43. Kg3 Nxd5 44. exd5 f4+ 45. Kf2 Rd8 46. Ke2 Rxd5 47.
Kd3 Rdd7 48. Ke4 Kf6 49. Rd3 Rc2 50. R1d2 Rxd2 51. Rxd2 Rc7 52. Kd3 Ke6 53. Rc2
Rxc2 54. Kxc2 Kd5 55. Kd3 Kd6 56. Kd2 Kc6 57. Kc2 Kb6 58. Kb3 a5 59. a3 e4 60.
Kc2 d3+ 61. Kd2 e3+ 62. Kxd3 axb4 0-1

[Event "Collado Villaoba op-B 34th"]
[Site "Collado Villalba"]
[Date "2017.08.30"]
[Round "9.21"]
[White "Melcon Diez, Enrique"]
[Black "Alameda Arellano, Cristeto"]
[Result "1-0"]
[WhiteElo "1634"]
[BlackElo "1577"]
[PlyCount "50"]
[EventDate "2017.08.22"]
[EventType "swiss"]
[EventRounds "9"]
[EventCountry "ESP"]

1. c4 c6 2. e4 d5 3. exd5 cxd5 4. d4 Nf6 5. Nc3 Nc6 6. Nf3 e6 7. c5 Be7 8. Bb5
Bd7 9. O-O O-O 10. Bf4 Ne4 11. Bxc6 bxc6 12. Ne5 Nxc3 13. bxc3 Be8 14. Qa4 Qc8
15. Rab1 f6 16. Nf3 Bg6 17. Rb2 Be4 18. Nd2 Bd3 19. Re1 e5 20. Nb3 Qd7 21. dxe5
fxe5 22. Bxe5 Bc4 23. Nd4 Bxc5 24. Qxc6 Qxc6 25. Nxc6 Bxf2+ 1-0

[Event "Collado Villaoba op-B 34th"]
[Site "Collado Villalba"]
[Date "2017.08.30"]
[Round "9.22"]
[White "Benito Alba, Eladio"]
[Black "Fernandez Garcia, Emiliano"]
[Result "1/2-1/2"]
[WhiteElo "1619"]
[BlackElo "1537"]
[PlyCount "61"]
[EventDate "2017.08.22"]
[EventType "swiss"]
[EventRounds "9"]
[EventCountry "ESP"]

1. d4 Nf6 2. c4 e6 3. Nf3 b6 4. Nc3 Bb7 5. g3 c5 6. e3 cxd4 7. exd4 Nc6 8. Bg2
Bb4 9. O-O O-O 10. a3 Bxc3 11. bxc3 Rc8 12. Bg5 Ba6 13. Qa4 Na5 14. Nd2 h6 15.
Bf4 d5 16. Rfc1 Bxc4 17. Nxc4 Rxc4 18. Qd1 Qd7 19. Bf1 Rcc8 20. Ba6 Rcd8 21. a4
Nh5 22. Qxh5 Nb3 23. Bb5 Qc8 24. Qg4 Kh8 25. Qh5 Nxa1 26. Bxh6 gxh6 27. Qxh6+
Kg8 28. Qg5+ Kh8 29. Qf6+ Kg8 30. Bd3 Rfe8 31. Qh6 1/2-1/2

[Event "Collado Villaoba op-B 34th"]
[Site "Collado Villalba"]
[Date "2017.08.30"]
[Round "9.23"]
[White "Rodriguez Gomez, Jose Antonio"]
[Black "Olmedo Aznar, Eduardo"]
[Result "1/2-1/2"]
[WhiteElo "1585"]
[BlackElo "1519"]
[PlyCount "54"]
[EventDate "2017.08.22"]
[EventType "swiss"]
[EventRounds "9"]
[EventCountry "ESP"]

1. e4 d6 2. d4 Nf6 3. Nc3 g6 4. Bd3 Bg7 5. Nf3 O-O 6. O-O c6 7. h3 Nbd7 8. Ne2
e5 9. c3 Re8 10. Bg5 Qc7 11. Ng3 d5 12. Re1 exd4 13. Nxd4 Nc5 14. Bc2 Ncxe4 15.
Nxe4 Nxe4 16. Bh4 Bd7 17. Bxe4 Rxe4 18. Bg3 Be5 19. Rxe4 dxe4 20. Ne2 Rd8 21.
Qa4 Bxg3 22. Nxg3 e3 23. Qxa7 exf2+ 24. Qxf2 Re8 25. Rf1 Bc8 26. Qf3 Qe7 27.
Ne4 Qxe4 1/2-1/2